US States with the Biggest Subreddits - Statistics

General Stats
  • This quiz has been taken 94 times
  • The average score is 12 of 16
Answer Stats
Subscribers State % Correct
125.2k California
100%
194.6k Texas
100%
43.4k Washington
94%
72.0k Florida
88%
55.0k Oregon
85%
55.0k Arizona
82%
90.2k Michigan
76%
47.5k Ohio
76%
99.5k New Jersey
75%
89.2k Minnesota
73%
71.0k North Carolina
73%
107.2k Colorado
70%
47.5k Wisconsin
65%
44.6k Hawaii
63%
54.4k Maryland
62%
44.6k Connecticut
49%
No matching quizzes found
Score Distribution
Percent of People with Each Score
Percentile by Number Answered
Your Score History
You have not taken this quiz